Les films d'horreurs - Statistiques

Statistiques générales
  • Ce quiz a été pris 1 523 fois
  • Le résultat moyen est 9 sur 34
Statistiques - réponses
Hint Réponse % Correct
21 Conjuring
74%
24 Ça
71%
7 Halloween
63%
31 Scream
63%
27 Saw
60%
26 Vendredi 13
56%
3 Massacre à la tronçonneuse
46%
1 l'Exorciste
44%
23 la nonne
42%
34 Insidious
35%
2 Shining
35%
5 Alien
30%
15 Les Griffes de la Nuit
30%
33 Sinister
25%
9 Les Dents de la Mer
23%
4 Psychose
23%
12 Evil Dead
21%
19 Evil Dead
21%
22 Get Out
18%
10 Carrie
16%
18 Le Projet Blair Witch
15%
13 La mouche
10%
20 it follows
8%
8 Zombie
7%
14 Frankenstein
5%
16 Martyrs
5%
32 Terrifer
5%
17 Cannibal holocaust
4%
11 Mister babadook
3%
6 The Things
2%
30 Vermines
2%
28 Night swim
1%
25 Fubar vol 1
0%
35 Unfriends
0%
Aucun quiz correspondant
Distribution des résultats
% des personnes avec chaque résultat
Percentile par nombre de réponses
Votre historique - résultats
Vous n’avez pas pris ce quiz